BÜTÜN İSİMLER (Record no. 926389)

MARC details
000 -LEADER
sabit uzunluktaki kontrol alanı 00247nam a2200097Ia 4500
001 - KONTROL NUMARASI
kontrol alanı 926389
005 - EN SON İŞLEMİN TARİH VE ZAMANI
kontrol alanı 20250826191557.0
008 - SABİT-UZUNLUKTA VERİ ÖĞELERİ--GENEL BİLGİ
sabit uzunluktaki kontrol alanı 250824s9999 xx 000 0 und d
245 #0 - ESER / YAZAR
ESER ADI BÜTÜN İSİMLER
Yazar Adı JOSE SARAMAGO
260 ## - YAYIN, DAĞITIM, VB.
YAYIN EVİ KIRMIZI KEDİ YAYINLARI
Holdings
Düşüm durumu Kayıp durumu Hasar Durumu Ödünç verilmez Ana kütüphane Geçerli Kütüphane Edinilen tarih Toplam ödünç verme sayısı Barkod Son görüntüleme tarihi Son ödünç verme tarihi Fiyatın geçerli olmaya başladığı tarih Koha materyal türü
        ERDEM BAYAZIT ORTAOKULU ERDEM BAYAZIT ORTAOKULU 24.08.2025 1 10521608 27.03.2026 02.03.2026 26.08.2025 Books